El hombre unidimensional (Registro nro. 5816)

Detalles MARC
000 -LEADER
fixed length control field 01303 a2200217 4500
001 - CONTROL NUMBER
control field 54800
005 - DATE AND TIME OF LATEST TRANSACTION
control field 20260407155824.0
008 - FIXED-LENGTH DATA ELEMENTS--GENERAL INFORMATION
fixed length control field 260407a1972 arg spa d
003 - CONTROL NUMBER IDENTIFIER
control field AR-UNSa-BCEJYS
040 ## - CATALOGING SOURCE
Original cataloging agency AR-UNSa-BCEJYS
Language of cataloging spa
Transcribing agency AR-UNSa-BCEJYS
080 ## - UNIVERSAL DECIMAL CLASSIFICATION NUMBER
Universal Decimal Classification number 316.42
Common auxiliary subdivision Cambio social en sociedades globales. Desarrollo social. Sociología del desarrollo (Desarrollo Humano)
041 ## - LANGUAGE CODE
Language code of text/sound track or separate title spa
100 1# - MAIN ENTRY--PERSONAL NAME
Personal name Marcuse, Herbert
245 10 - TITLE STATEMENT
Title El hombre unidimensional
Name of part/section of a work ensayo sobre la ideología de la sociedad industrial avanzada
250 ## - EDITION STATEMENT
Edition statement 9a. ed.
264 #1 - PRODUCTION, PUBLICATION, DISTRIBUTION, MANUFACTURE, AND COPYRIGHT NOTICE
Place of production, publication, distribution, manufacture Barcelona :
Name of producer, publisher, distributor, manufacturer Seix Barral
Date of production, publication, distribution, manufacture, or copyright notice 1972
300 ## - PHYSICAL DESCRIPTION
Extent 286 p.
Dimensions 18 cm.
505 ## - FORMATTED CONTENTS NOTE
Formatted contents note I. La sociedad unidimensional - 1. Las nuevas formas de control - 2. El cierre del universo político - 3. La conquista de la conciencia desgraciada: Una desublimación represiva - 4. El cierre del universo del discurso - 5. El pensamiento negativo: La lógica de protesta derrotada - 6. Del pensamiento negativo al positivo: La racionalidad tecnológica y la lógica de la dominación - 7. El triunfo del pensamiento positivo: La filosofía unidimensional - II. La posibilidad de las alternativas - 8. El compromiso histórico de la filosofía - 9. La catástrofe de la liberación - 10. Conclusión
590 ## - LOCAL NOTE (RLIN)
Local note niveau_biblio:m niveau_hierar:0
942 ## - ADDED ENTRY ELEMENTS (KOHA)
Koha item type
Existencias
Withdrawn status Lost status Damaged status Not for loan Home library Current library Shelving location Date acquired Total checkouts Full call number Barcode Date last seen Price effective from Koha item type
        Biblioteca Prof. Eusebio Cleto del Rey Biblioteca Prof. Eusebio Cleto del Rey   07/04/2026   316.42 M322 9ed. L25755 07/04/2026 07/04/2026 Libro
        Biblioteca Prof. Eusebio Cleto del Rey Biblioteca Prof. Eusebio Cleto del Rey   07/04/2026   316.42 M322 9ed. L25754 07/04/2026 07/04/2026 Libro